| 000 | 00529pab a2200193 454500 | ||
|---|---|---|---|
| 008 | 180718b2009 xxu||||| |||| 00| 0 eng d | ||
| 100 | _aRufus | ||
| 245 | _aA noiseless crime sexual harassment against women employees at private hospitals in Tirunelveli city an empirical analysis | ||
| 260 | _c2009 | ||
| 300 | _ap.51-62. | ||
| 362 | _aJan-Mar | ||
| 650 | _aCrime | ||
| 650 | _aWomen - Crimes against | ||
| 650 | _aSexual abuse | ||
| 700 | _aBeulah | ||
| 773 | _aIndian Police Journal | ||
| 908 | _aN | ||
| 909 | _a83748 | ||
| 999 |
_c83748 _d83748 |
||